LEADER 01709nam0-2200553---450- 001 990009639150403321 005 20161103135007.0 010 $a978-88-470-2744-2 035 $a000963915 035 $aFED01000963915 035 $a(Aleph)000963915FED01 035 $a000963915 100 $a20121025d2012----km-y0itay50------ba 101 0 $aita 102 $aIT 105 $aa---a---001yy 200 1 $aCalcolo scientifico$eesercizi e problemi risolti con MATLAB e Octave$fA. Quarteroni, F. Saleri, Paola Gervasio 205 $a5. ed. 210 $aMilano$cSpringer$d2012 215 $aXVIII, 450 p.$cill.$d24 cm 225 1 $aUnitext$v62 610 0 $aCalcolo numerico$aImpiego degli elaboratori elettronici 610 0 $aMATLAB (programmi per computer) 676 $a519.402855369 700 1$aQuarteroni,$bAlfio$08375 701 1$aSaleri,$bFausto$022728 701 1$aGervasio,$bPaola$0518008 801 0$aIT$bUNINA$gRICA$2UNIMARC 901 $aBK 912 $a990009639150403321 952 $a60 519.402855369 B 1$b14034$fFAGBC 952 $a519.402-QUA-2$b7532$fSC1 952 $a519.402-QUA-2A$b7533$fSC1 952 $a519.402-QUA-2B$b7534$fSC1 952 $a519.402-QUA-2C$b7535$fSC1 952 $a13 H 56 18$b18514$fFINBC 952 $a13 60 39$b18515$fFINBC 952 $a23 05 E 03$b18516$fFINAG 952 $a23 05 E 04$b18517$fFINAG 952 $a13 H 64 31$b1076 / 2016$fFINBC 952 $a13 H 64 32$b1077 / 2016$fFINBC 952 $a23 14 C 27$b1078 / 2016$fFINAG 952 $a23 14 C 28$b1079 / 2016$fFINAG 959 $aFAGBC 959 $aSC1 959 $aFINBC 959 $aFINAG 996 $aCalcolo scientifico$9848278 997 $aUNINA LEADER 03046nam 2200673Ia 450 001 9910462532103321 005 20200520144314.0 010 $a1-283-59945-7 010 $a9786613911902 010 $a0-7391-4679-3 035 $a(CKB)2670000000241720 035 $a(EBL)1021895 035 $a(OCoLC)817812577 035 $a(SSID)ssj0000711772 035 $a(PQKBManifestationID)12330361 035 $a(PQKBTitleCode)TC0000711772 035 $a(PQKBWorkID)10693801 035 $a(PQKB)10866025 035 $a(SSID)ssj0001148567 035 $a(PQKBManifestationID)12443502 035 $a(PQKBTitleCode)TC0001148567 035 $a(PQKBWorkID)11144272 035 $a(PQKB)11191916 035 $a(MiAaPQ)EBC1021895 035 $a(Au-PeEL)EBL1021895 035 $a(CaPaEBR)ebr10602203 035 $a(CaONFJC)MIL391190 035 $a(EXLCZ)992670000000241720 100 $a20100528d2011 uy 0 101 0 $aeng 135 $aur|n|---||||| 181 $ctxt 182 $cc 183 $acr 200 14$aThe religion clauses of the First Amendment$b[electronic resource] $eguarantees of states' rights? /$fEllis M. West 210 $aLanham, Md. $cLexington Books$dc2011 215 $a1 online resource (217 p.) 300 $aDescription based upon print version of record. 311 $a0-7391-4678-5 311 $a0-7391-4677-7 320 $aIncludes bibliographical references and index. 327 $aContents; Preface; 1 Introduction; 2 Clarification of the Issue; 3 A Critical Analysis of the Federalist Interpretation; 4 The Ratification Debate and Proposed Religion Clauses; 5 The Drafting of the Religion Clauses; 6 Were the Framers Hopelessly Divided over the Issue of Government and Religion?; 7 The Early American Understanding of the Religion Clauses; 8 The Federalist Interpretation of the Religion Clauses: A Concluding Assessment; Bibliography; Index 330 $aWere the religion clauses of the First Amendment intended to protect individuals' right to religious freedom and equality or the states' traditional right to legislate on religion? This book examines all the arguments and historical evidence relating to this question, and demonstrates, contrary to the views of some scholars and Supreme Court justices, that the clauses were sought, drafted, and originally understood not as guarantees of states' rights but as normative restraints on the national government's power over religion. 606 $aChurch and state$zUnited States 606 $aFreedom of religion$zUnited States 606 $aStates' rights (American politics) 608 $aElectronic books. 615 0$aChurch and state 615 0$aFreedom of religion 615 0$aStates' rights (American politics) 676 $a342.7303 700 $aWest$b Ellis McKinney$f1936-$0854458 801 0$bMiAaPQ 801 1$bMiAaPQ 801 2$bMiAaPQ 906 $aBOOK 912 $a9910462532103321 996 $aThe religion clauses of the First Amendment$91908178 997 $aUNINA